Statistics for Top 15 Most Populated Cities In The World In 1700

Click here to take the quiz!

General Stats

  • This quiz has been taken 30 times
  • The average score is 8 of 15

Answer Stats

PopulationCity% Correct
550kLondon
100%
530kParis
100%
650kBeijing
96%
700kIstanbul
93%
688kTokyo
89%
207kNaples
70%
210kAmsterdam
56%
200kGuangzhou
52%
188kLisbon
52%
380kOsaka
48%
350kKyoto
41%
303kHangzhou
11%
350kIsfahan
11%
385kAhmedabad
4%
200kAurangabad
0%

Score Distribution

Percentile by Number Answered

Percent of People with Each Score

Your Score History

You have not taken this quiz